It looks like you're offline.
Open Library logo
additional options menu

MARC record from Internet Archive

LEADER: 01878cam 2200445Mi 4500
001 ocn881445845
003 OCoLC
005 20220926155953.0
008 140606t20142013enka 000 1 eng d
040 $aNLE$beng$erda$cNLE$dDAD$dBDX$dOCLCF$dYDXCP$dOCLCQ$dOCLCO
019 $a922645995
020 $a9780992776305
020 $a0992776309
020 $a9780992776312$q(paper)
020 $a0992776317$q(paper)
035 $a(OCoLC)881445845$z(OCoLC)922645995
100 1 $aOttley, Will,$eauthor.
245 10 $aMountain garden /$cby Will Ottley ; illustrations by Chloë Holt.
264 1 $aLondon :$bPerpetualaum Books,$c2014.
264 4 $c©2013
300 $a101 pages :$billustrations ;$c21 cm
336 $atext$btxt$2rdacontent
337 $aunmediated$bn$2rdamedia
338 $avolume$bnc$2rdacarrier
500 $a"Buckan, a brave young stag, embarks on a journey to find a mythical garden in order to gain the strength to save his fellow deer from the attacking wolves. The journey tests his faith and courage, and forces him to overcome his deepest fears. A tale of trust and bravery of heart, this compelling and poetic fable shows the importance of intuition and love"--Back cover.
650 0 $aMythology$vFiction.
650 0 $aDeer$vFiction.
650 0 $aQuests (Expeditions)$vFiction.
650 6 $aMythologie$vRomans, nouvelles, etc.
650 6 $aCerfs$vRomans, nouvelles, etc.
650 6 $aQuête$vRomans, nouvelles, etc.
650 7 $aDeer.$2fast$0(OCoLC)fst00889519
650 7 $aMythology.$2fast$0(OCoLC)fst01031701
650 7 $aQuests (Expeditions)$2fast$0(OCoLC)fst01085708
655 7 $aFiction.$2fast$0(OCoLC)fst01423787
700 1 $aHolt, Chloë,$eillustrator.
938 $aBrodart$bBROD$n111556260
938 $aYBP Library Services$bYANK$n11576023
994 $aZ0$bGTX
948 $hNO HOLDINGS IN GTX - 8 OTHER HOLDINGS